Marques de voitures #4 - Statistiques

Statistiques générales
  • Ce quiz a été pris 1 056 fois
    1 055 depuis la dernière actualisation
  • Le résultat moyen est 6 sur 7
Réponses sur la Carte
Les réponses sont colorées sur une échelle allant du rouge au vert en fonction du pourcentage des utilisateurs qui les ont devinées à leur premier essai. Vous pouvez retrouver ces pourcentages ci-dessous.
 
Statistiques - réponses
Réponse % Correct
Audi
99%
Ferrari
99%
Land Rover
96%
Maybach
89%
Smart
89%
Isuzu
71%
Lincoln
69%
Aucun quiz correspondant
Distribution des résultats
% des personnes avec chaque résultat
Percentile par nombre de réponses
Votre historique - résultats
Vous n’avez pas pris ce quiz depuis la dernière actualisation